000 00718nam a2200217Ia 4500
001 9802
003 GE_BSU
008 181216s||||||||xx |||||||||||||| ||und||
040 _cGE_BSU
080 _a821.353.1–1
100 _aნონეშვილი,იოსებ
245 _aყაზახეთის ველებზე
245 _bლექსები
245 _cრედ.ანდრო თევზაძე.მხატვ.შ.ბერიტაშვილი
260 _aთბილისი
260 _bსაბჭოთა მწერალი
260 _c1955
300 _a55გვ.17სმ.
653 _aყაზახეთის ველებზე
942 _cBK
999 _c43082
_d43082